000 00386nam a2200133Ia 4500
005 20260328101517.0
008 260328s9999||||xx |||||||||||||| ||und||
100 _aCrankshaw, Ned
245 0 _aCreating vibrant Public Spaces :
_b Streetscape Design in commercial and historic districts /
_cNed Crankshaw
260 _bIsland
300 _a215 p.
650 _aDISEÑO URBANO
942 _cBK
999 _c9419
_d9419